<?xml version="1.0" encoding="UTF-8"?>
<collection xmlns="http://www.loc.gov/MARC21/slim">
 <record>
  <leader>01443nam a2200229   4500</leader>
  <controlfield tag="001">NCT_141701</controlfield>
  <controlfield tag="008">171006b        xxu||||| |||| 00| 0 vie d</controlfield>
  <datafield tag="999" ind1=" " ind2=" ">
   <subfield code="c">7294</subfield>
   <subfield code="d">7294</subfield>
  </datafield>
  <datafield tag="020" ind1=" " ind2=" ">
   <subfield code="a">9786047382309</subfield>
   <subfield code="c">720000</subfield>
  </datafield>
  <datafield tag="082" ind1="0" ind2="4">
   <subfield code="2">23rd ed.</subfield>
   <subfield code="a">616.1</subfield>
   <subfield code="b">V312</subfield>
  </datafield>
  <datafield tag="245" ind1="1" ind2="0">
   <subfield code="a">Siêu âm tim thực hành :</subfield>
   <subfield code="b">bệnh tim bẩm sinh và mắc phải</subfield>
   <subfield code="c">Phạm Nguyễn Vinh (Biên soạn) [ et al.]</subfield>
  </datafield>
  <datafield tag="250" ind1=" " ind2=" ">
   <subfield code="a">Tái bản lần thứ nhất, có chỉnh sửa và bổ sung</subfield>
  </datafield>
  <datafield tag="260" ind1=" " ind2=" ">
   <subfield code="a">TP. Hồ Chí Minh</subfield>
   <subfield code="b">Đại học Quốc gia TP. Hồ Chí Minh</subfield>
   <subfield code="c">2021</subfield>
  </datafield>
  <datafield tag="300" ind1=" " ind2=" ">
   <subfield code="a">298 tr.</subfield>
   <subfield code="b">Minh họa</subfield>
   <subfield code="c">30cm</subfield>
  </datafield>
  <datafield tag="520" ind1="3" ind2=" ">
   <subfield code="a">Cuốn sách này là phương tiện chẩn đoán hình ảnh, phương tiện tiếp cận lâm sàng giúp hiểu rõ không chỉ cấu trúc mà cả sinh lý quả tim và mạch máu. Hiện nay là phương tiện chẩn đoán không thể thiếu được của thầy thuốc tim mạch và nội khoa,...</subfield>
  </datafield>
  <datafield tag="653" ind1=" " ind2=" ">
   <subfield code="a"> Kỹ thuật hình ảnh y học</subfield>
  </datafield>
  <datafield tag="700" ind1="1" ind2=" ">
   <subfield code="a">Đỗ Văn Bửu Đan</subfield>
   <subfield code="e">Biên soạn</subfield>
  </datafield>
  <datafield tag="700" ind1="1" ind2=" ">
   <subfield code="a">Trần Vũ Minh Thư</subfield>
   <subfield code="e">Biên soạn</subfield>
  </datafield>
  <datafield tag="700" ind1="1" ind2=" ">
   <subfield code="a">Hồ Minh Tuân</subfield>
   <subfield code="e">Biên soạn</subfield>
  </datafield>
  <datafield tag="942" ind1=" " ind2=" ">
   <subfield code="2">ddc</subfield>
   <subfield code="c">BK</subfield>
  </datafield>
  <datafield tag="952" ind1=" " ind2=" ">
   <subfield code="0">0</subfield>
   <subfield code="1">0</subfield>
   <subfield code="2">ddc</subfield>
   <subfield code="4">0</subfield>
   <subfield code="6">616_100000000000000_V312</subfield>
   <subfield code="7">0</subfield>
   <subfield code="9">26304</subfield>
   <subfield code="a">000001</subfield>
   <subfield code="b">000001</subfield>
   <subfield code="d">2022-09-29</subfield>
   <subfield code="o">616.1 V312</subfield>
   <subfield code="p">MD.20777</subfield>
   <subfield code="r">2022-09-29</subfield>
   <subfield code="v">720000.00</subfield>
   <subfield code="w">2022-09-29</subfield>
   <subfield code="y">BK</subfield>
  </datafield>
  <datafield tag="980" ind1=" " ind2=" ">
   <subfield code="a">Thư viện Trường Đại học Nam Cần Thơ</subfield>
  </datafield>
 </record>
</collection>
